000 00352nam a2200133Ia 4500
008 151001s9999||||xx |||||||||||||| ||und||
100 _aवि. स. माडीवाले
245 _aअशी ही बिकट वाट
250 _a1
260 _bकेशरी प्रकाशन
260 _c1972
300 _a243
365 _b18
999 _c955937
_d955934